Formy financovania podnikov diplomová práca

Guardado en:
Detalles Bibliográficos
Autor principal: Moncoľ, Rastislav
Autor Corporativo: Fakulta podnikového manažmentu EU. Katedra podnikových financií
Otros Autores: Mikloš, Miroslav, 1975-
Formato: Libro
Lenguaje:eslovaco
Publicado: Bratislava 2008
Etiquetas: Agregar Etiqueta
Sin Etiquetas, Sea el primero en etiquetar este registro!

MARC

LEADER 00000nam$a2200000$$$4500
001 0088917
005 20240201115220.3
041 0 |a slo 
044 |a SK 
245 1 0 |a Formy financovania podnikov  |b diplomová práca  |c Rastislav Moncoľ ; škol. Miroslav Mikloš 
264 1 |a Bratislava  |c 2008 
300 |a 74 s. 
100 1 |a Moncoľ, Rastislav 
700 1 |a Mikloš, Miroslav, 1975- 
710 2 |a Fakulta podnikového manažmentu EU. Katedra podnikových financií